| 000 | 00328nam a2200121Ia 4500 | ||
|---|---|---|---|
| 008 | 150201s2008 xx 000 0 und d | ||
| 082 |
_a612.015 _bO08M |
||
| 100 | _aMAHAPATRA,S | ||
| 245 | _aOBJECTIVE QUESTIONS HUMAN BIOCHEMISTRY | ||
| 260 |
_bNEW CENTRAL BOOK AGENCY _aKOLKATA _c2008 |
||
| 650 | _aBIOCHEMISTRY | ||
| 942 |
_2ddc _cBK _02 |
||
| 999 |
_c903 _d903 |
||